करामत हुशार कुत्र्याची (Record no. 430835)

MARC details
000 -LEADER
fixed length control field 00545nam a2200157Ia 4500
008 - FIXED-LENGTH DATA ELEMENTS--GENERAL INFORMATION
fixed length control field 100122s9999 xx 000 0 und d
082 ## - DEWEY DECIMAL CLASSIFICATION NUMBER
Item number 53909
Classification number BM823
100 ## - MAIN ENTRY--PERSONAL NAME
Personal name देवधर विजय
245 ## - TITLE STATEMENT
Title करामत हुशार कुत्र्याची
250 ## - EDITION STATEMENT
Edition statement 0
260 ## - PUBLICATION, DISTRIBUTION, ETC. (IMPRINT)
Name of publisher, distributor, etc शब्दाली प्रकाशन
Date of publication, distribution, etc 1994
300 ## - PHYSICAL DESCRIPTION
Extent 72
630 ## - SUBJECT ADDED ENTRY--UNIFORM TITLE
Uniform title करामत हुशार कुत्र्याची
730 ## - ADDED ENTRY--UNIFORM TITLE
Uniform title करामत हुशार कुत्र्याची
942 ## - ADDED ENTRY ELEMENTS (KOHA)
Koha item type Book
Holdings
Withdrawn status Lost status Damaged status Not for loan Home library Current library Date acquired Cost, normal purchase price Total Checkouts Full call number Barcode Date last seen Cost, replacement price Price effective from Koha item type Public note
        S.V. Pathak Library, Vile Parle S.V. Pathak Library, Vile Parle 12/12/1997 24.00   53909 SVPPARLE-53909 01/25/2010 24.00 01/25/2010 Book General NA